00461nam a2200145Ia 4500008004000000082001700040100000600057245003600063260003400099300000700133690002100140906001100161999001700172952012600189210210b1986 xxu||||| |||| 00| 0 eng d a338.954 SEVE a- aSeventh five year plan 1985-90. aBarodabGood Companionsc1986 a72 aIndian Economics a038989 c88788d88788 001040708EconomicsaALbALcEconomicsd2021-02-17g20.00l0o338.954 SEVEp038989r2021-02-17 00:00:00w2021-02-17yBK